そごうの店舗 - Statistics

General Stats
  • This quiz has been taken 346 times
  • The average score is 14 of 30
Answer Stats
Answer % Correct
横浜店
87%
大宮店
79%
広島店
74%
大阪店
70%
神戸店
69%
札幌そごう
64%
柏店
61%
八王子店
58%
船橋そごう
57%
東京店
54%
徳島店
51%
コトデンそごう
51%
いよてつそごう
49%
奈良そごう
49%
川口店
48%
小倉そごう
48%
長野そごう
40%
黒崎そごう
36%
福山そごう
34%
心斎橋本店
33%
千葉店
32%
呉店
31%
木更津そごう
31%
西神店
28%
茂原そごう
28%
錦糸町そごう
25%
豊田そごう
23%
加古川そごう
22%
多摩そごう
22%
柚木そごう
21%
No matching quizzes found
Score Distribution
Percent of People with Each Score
Percentile by Number Answered
Your Score History
You have not taken this quiz